000 00578nam a2200181Ia 4500
003 GCL
008 140319s9999 xx 000 0 ara d
040 _aGCL /
_cGCL
082 0 4 _aط
_b372.21
_bل ا
100 1 _aلجنة التاليف والترجمة
245 1 0 _aالالفباء الذكية /
_cلجنة التاليف والترجمة
490 _aالهيئة العامة للاستعلامات
_v0
650 0 4 _aالتعليم
650 0 4 _aتعليم الاطفال
650 0 4 _aالابجدية
650 0 4 _aالابجدية - تعليم
942 _2ddc
_cBK
999 _c51008
_d51008